Capitals of Africa - Statistics

General Stats
  • This quiz has been taken 24 times
  • The average score is 43 of 54
Answer Stats
Continent Capital % Correct
Africa Tunis
100%
Africa Cairo
94%
Africa Rabat
94%
Africa Algiers
89%
Africa Pretoria
89%
Africa Accra
83%
Africa Addis Ababa
83%
Africa Antananarivo
83%
Africa Djibouti
83%
Africa Freetown
83%
Africa Libreville
83%
Africa Ouagadougou
83%
Africa Port Louis
83%
Africa São Tomé
83%
Africa Tripoli
83%
Africa Victoria
83%
Africa Yamoussoukro
83%
Africa Abuja
78%
Africa Asmara
78%
Africa Bamako
78%
Africa Bangui
78%
Africa Banjul
78%
Africa Bissau
78%
Africa Brazzaville
78%
Africa Conakry
78%
Africa Dodoma
78%
Africa Gaborone
78%
Africa Gitega
78%
Africa Harare
78%
Africa Kampala
78%
Africa Khartoum
78%
Africa Kigali
78%
Africa Kinshasa
78%
Africa Lilongwe
78%
Africa Luanda
78%
Africa Lusaka
78%
Africa Malabo
78%
Africa Maputo
78%
Africa Maseru
78%
Africa Mbabane
78%
Africa Mogadishu
78%
Africa Monrovia
78%
Africa Moroni
78%
Africa Nairobi
78%
Africa N'Djamena
78%
Africa Nouakchott
78%
Africa Praia
78%
Africa Windhoek
78%
Africa Yaoundé
78%
Africa Dakar
72%
Africa Juba
72%
Africa Lomé
72%
Africa Niamey
72%
Africa Porto-Novo
72%
No matching quizzes found
Score Distribution
Percent of People with Each Score
Percentile by Number Answered
Your Score History
You have not taken this quiz